EA FC26 Joga Bonito - Statistics

General Stats
  • This quiz has been taken 7 times
  • The average score is 13 of 43
Answer Stats
Rate Club Nation Gender Answer % Correct
91 PSG Portugal Male Vitinha
100%
89 Chelsea England Male Cole Palmer
83%
89 Barcelona Netherlands Male Frenkie de Jong
83%
88 Juventus Turkey Male Kenan Yildiz
67%
88 PSG Georgia Male Khvicha Kvaratskhelia
67%
88 Bayern France Male Michael Olise
67%
91 Barcelona Spain Female Aitana Bonmati
50%
87 Real Madrid Austria Male David Alaba
50%
87 West Ham Brazil Male Lucas Paqueta
50%
87 Man United Brazil Male Matheus Cunha
50%
87 Nottingham Brazil Male Murillo
50%
87 Man City France Male Rayan Cherki
50%
86 Augsburg Tunisia Male Elias Saad
33%
85 Everton Senegal Male Iliman Ndiaye
33%
86 Real Betis Spain Male Isco
33%
86 Man City Belgium Male Jeremy Doku
33%
87 Al Hilal Portugal Male Joao Cancelo
33%
86 Dortrmund Belgium Male Julien Duranville
33%
85 Charlotte Ivory Coast Male Wilfried Zaha
33%
85 Dortmund Brazil Male Yan Couto
33%
85 Udinese France Male Arthur Atta
17%
87 NC Courage USA Female Ashley Sanchez
17%
88 Arsenal England Female Chloe Kelly
17%
86 Real Madrid Brazil Male Endrick
17%
87 Boca Juniors Argentina Male Exequiel Zeballos
17%
85 Sporting Portugal Male Geovany Quenda
17%
85 Argentinos Jrs Argentina Male Hernan Lopez Munoz
17%
85 Mallorca Colombia Male Johan Mojica
17%
85 Man City Spain Female Leila Ouahabi
17%
85 Penarol Uruguay Male Leonardo Fernandez
17%
86 Paris FC France Female Maelle Garbino
17%
85 Atl. Nacional Colombia Male Marino Hinestroza
17%
86 PSV USA Male Sergino Dest
17%
87 Man City Japan Female Yui Hasegawa
17%
86 Lille Brazil Male Alexsandro
0%
85 Celta Spain Male Bryan Zaragoza
0%
87 Fenerbahce Brazil Male Ederson
0%
86 PSG Nigeria Female Jennifer Echegini
0%
85 Man City Brazil Female Kerolin Nicoli
0%
85 Leipzig Germany Female Lisa Baum
0%
86 Leverkusen France Male Loic Bade
0%
86 Frankfurt Germany Female Nicole Anyomi
0%
85 Nice France Male Tanguy Ndombele
0%
No matching quizzes found
Score Distribution
Percent of People with Each Score
Percentile by Number Answered
Your Score History
You have not taken this quiz